Statistiques concernant Culture Générale - Série 211

Cliquez ici pour prendre le quiz!

Statistiques générales

  • Ce quiz a été pris 72 fois
  • Le résultat moyen est 6 sur 10

Statistiques - réponses

Question Réponse % Correct
De quelle couleur est le pull à col roulé que porte Gaston Lagaffe ?Vert
96%
Sur quel fleuve se dispute la course d'aviron entre Cambridge et Oxford ?La Tamise
94%
Quels chevaliers sont les humoristes Eric Carrière et Francis Ginibre ?Du fiel
81%
De quel département la ville de Tulle est-elle le chef-lieu ?La Corrèze
75%
A quel ancien Beatles doit-on le tube "Jealous Guy", en 1971 ?John Lennon
72%
Dans la trilogie de Marcel Pagnol, de qui Marius est-il le fils ?César
52%
Selon les paroles d'"Africa" de Rose Laurens, qui lui a peint le visage ?Un sorcier vaudou
33%
Qui est à la fois l'auteur du livre et le réalisateur du film "Podium" ?Yann Moix
30%
En 2004, quel humoriste intitule son one-man-show : "Waïka" ?Dany Boon
22%
En 2007, quel groupe de rock se reforme pour son 30e anniversaire ?The Police
9%

Distribution des résultats

Percentile par nombre de réponses

% des personnes avec chaque résultat

Votre développement - résultats

Vous n’avez pas pris ce quiz